000 00858nam a2200217 i 4500
001 91971
003 ES-MaACL
005 20230906180851.0
007 t|
008 050310s1997 sp a ||||1| spa d
080 _a910.4(265)"15/17"
100 0 _aGómez-Tabanera, José Manuel,
_d1926-2011
_958165
245 1 0 _aMitos y utopías de la tierra austral y algo más /
_cJosé Manuel Gómez-Tabanera.
260 _aOviedo :
_bJ.M. Gómez-Tabanera,
_c[1997]
300 _a19 p. :
_bil. ;
_c21 cm.
594 _aEn port.: VII Congreso Internacional de la Asociación Española de Semiótica, Zaragoza, del 4 al 9 de noviembre de 1996.
650 0 4 _aMitos geográficos.
_915112
710 2 _aAsociación Española de Semiótica.
_bSimposio Internacional (
_n7º.
_d1996.
_cZaragoza)
_91683
852 _aES-MaACL
_j2187-F-13
_bR.135618
999 _c91971
_d91971